Effectif Hockey Club Ambrí-Piotta 2023/2024 - Statistiques

Statistiques générales
  • Ce quiz a été pris 13 fois
  • Le résultat moyen est 18 sur 36
Statistiques - réponses
Poste Nationalité Nom % Correct
1 Gardien Suisse Benjamin Conz
100%
30 Gardien Finlande Janne Juvonen
82%
16 Attaquant Suisse/Autriche Dominic Zwerger
73%
18 Attaquant Suisse Inti Pestoni
73%
43 Attaquant République Tchèque Michael Spacek
73%
7 Défenseur Suisse Isacco Dotti
64%
71 Défenseur Finlande Jesse Virtanen
64%
72 Défenseur Suède Tim Heed
64%
27 Défenseur Suisse Zaccheo Dotti
64%
10 Attaquant Canada Alex Formenton
55%
87 Attaquant Suisse Dario Bürgler
55%
59 Défenseur Suisse Dario Wüthrich
55%
35 Gardien Suisse/Italie Davide Fadani
55%
22 Attaquant Suisse/Italie Diego Kostner
55%
81 Attaquant Suisse/France Floran Douay
55%
29 Attaquant Suède Jakob Lilja
55%
11 Attaquant Suisse Johnny Kneubühler
55%
Coach Suisse Luca Cereda
55%
13 Attaquant Suisse/Canada/USA Manix Landry
55%
44 Attaquant Suisse André Heim
45%
12 Attaquant Suisse Daniele Grassi
45%
9 Attaquant Canada Laurent Dauphin
45%
25 Attaquant Suisse Nando Eggenberger
45%
86 Défenseur Suisse Rocco Pezzullo
45%
26 Défenseur Suisse Simone Terraneo
45%
5 Défenseur Suisse/Allemagne Tobias Fohrler
45%
88 Attaquant Suisse/Italie Tommaso De Luca
45%
55 Défenseur Suisse/Autriche Kilian Zündel
36%
14 Défenseur Canada Jared McIsaac
27%
91 Attaquant Suisse Lionel Marchand
27%
33 Attaquant Suisse Valentin Hofer
27%
64 Défenseur Suisse Aris Häfliger
18%
34 Attaquant Suisse Josselin Dufey
18%
89 Défenseur Suisse Michael Pastori
18%
2 Défenseur Suisse Nadir Scilacci
18%
21 Attaquant Suisse Yannick Brüschweiler
18%
Aucun quiz correspondant
Distribution des résultats
% des personnes avec chaque résultat
Percentile par nombre de réponses
Votre historique - résultats
Vous n’avez pas pris ce quiz